Phương pháp phân tích và dự báo kinh tế - xã hội cho các nhà quản lý

Nội dung cung cấp những kiến thức nhất định về phân tích và dự báo những vấn đề liên quan đến sự vận động và phát triển kinh tế xã hội của quốc gia chũng như từng thực thể kinh tế riêng lẻ như phân tích và dự báo sự tăng trưởng...

Descrición completa

Gardado en:
Detalles Bibliográficos
Autor Principal: Võ, Kim Sơn
Formato: Libro
Idioma:Undetermined
Publicado: Hà Nội KHKT 1999
Những chủ đề:
Các nhãn: Engadir etiqueta
Sen Etiquetas, Sexa o primeiro en etiquetar este rexistro!
Thư viện lưu trữ: Trung tâm Học liệu Trường Đại học Cần Thơ
LEADER 01314nam a2200205Ia 4500
001 CTU_36764
008 210402s9999 xx 000 0 und d
020 |b 42.000đ 
082 |a 338.544 
082 |b S464 
100 |a Võ, Kim Sơn 
245 0 |a Phương pháp phân tích và dự báo kinh tế - xã hội cho các nhà quản lý 
245 0 |c Võ Kim Sơn, Bùi Thế Vĩnh, Lê Sĩ Thiệp 
260 |a Hà Nội 
260 |b KHKT 
260 |c 1999 
520 |a Nội dung cung cấp những kiến thức nhất định về phân tích và dự báo những vấn đề liên quan đến sự vận động và phát triển kinh tế xã hội của quốc gia chũng như từng thực thể kinh tế riêng lẻ như phân tích và dự báo sự tăng trưởng của nền kinh tế quốc dân, phân tích và dự báo sự tăng trưởng dân số và nguồn lao động, phân tích và dự báo nhu cầu tiêu dùng, phân tích kinh tế - xã hội dự án ... 
650 |a economic development,economic forecasting,managerial economics 
904 |i Minh, 000602 
980 |a Trung tâm Học liệu Trường Đại học Cần Thơ